| 000 | 00469nam a2200181Ia 4500 | ||
|---|---|---|---|
| 001 | 7434 | ||
| 005 | 20260306160455.0 | ||
| 008 | 260306t2016||||xx |||||||||||||| ||spa|| | ||
| 041 | _aESP | ||
| 082 |
_a338.985 _bP87C |
||
| 100 |
_aProyecto de Desarrollo Sierra Sur II _eAUT |
||
| 245 | 0 | _aCompendio de instrumentos para la gestión del desarrollo territorial rural | |
| 260 | _c2016 | ||
| 300 |
_a _c |
||
| 650 | _aGEN | ||
| 654 | _aCAN | ||
| 942 |
_cLIB _dJUS _fJUS _2ddc _n |
||
| 999 |
_c7434 _d7434 |
||